| 000 | 01215nam a2200301 i 4500 | ||
|---|---|---|---|
| 001 | 66427 | ||
| 003 | ES-MaACL | ||
| 005 | 20230906165634.0 | ||
| 007 | t| | ||
| 008 | 030307s2002 sp ||||0| spa d | ||
| 020 | _a84-95099-53-5 | ||
| 040 |
_aM-BN _bspa _cM-BN |
||
| 080 | _a016:94(460.186 Almarza)(093) | ||
| 080 | _a016:94(460.186 San Andrés)(093) | ||
| 080 | _a930.255(460.186 Almarza) | ||
| 100 | 1 |
_aSenent, Pía. _9105456 |
|
| 245 | 1 | 0 |
_aDocumentos del arca-archivo de Almarza y San Andrés / _corganización e inventario, Mª Pía Senent Díez y Mª Carmen Vázquez Mateo ; colaboración, Isabel García ... [et. al.] ; fotografía y microfilmación, María López Morales. |
| 260 |
_aSoria : _bDiputación Provincial de Soria, _c2002. |
||
| 300 |
_a184 p : _bil. col ; _c24 cm. |
||
| 490 | 1 |
_aArchivos sorianos ; _v5 |
|
| 610 | 1 | 7 |
_aArca-Archivo de Almarza y San Andrés- _vCatálogos. _91415 |
| 651 | 4 |
_aSoria (Provincia)- _xHistoria- _vFuentes. _99411 |
|
| 700 | 1 |
_aVázquez Mateo, María Carmen. _9113460 |
|
| 710 | 1 |
_aSoria (Provincia). _bDiputación Provincial. _96880 |
|
| 830 | 0 |
_aArchivos sorianos ; _v5 _9183008 |
|
| 852 |
_aES-MaACL _jL-26931 _bR.132501 |
||
| 999 |
_c66427 _d66427 |
||